[Event "Olympiad-40"]
[Site "Istanbul"]
[Date "2012.09.05"]
[Round "8.2"]
[White "Bae, Junggi"]
[Black "Rowe, Duane"]
[Result "1/2-1/2"]
[WhiteElo "1730"]
[BlackElo "2251"]
[PlyCount "125"]
[EventDate "2012.08.28"]
[EventType "team-swiss"]
[EventRounds "11"]
[EventCountry "TUR"]
[SourceTitle "CBM 151"]
[Source "ChessBase"]
[SourceDate "2012.11.13"]
[SourceVersion "1"]
[SourceVersionDate "2012.11.13"]
[SourceQuality "1"]
[WhiteTeam "South Korea"]
[BlackTeam "Jamaica"]
[WhiteTeamCountry "KOR"]
[BlackTeamCountry "JAM"]

1. d4 Nf6 2. Nf3 e6 3. e3 c5 4. c4 a6 5. Bd3 Nc6 6. 0-0 Qc7 7. Nbd2 b6 8. Ne4 Bb7 9. Bd2 h5 10. dxc5 bxc5 11. Bc3 Be7 12. a3 Ng4 13. Be2 Nd4 14. exd4 Bxe4 15. Ne5 Bb7 16. h3 Nxe5 17. dxe5 Bc6 18. Bxh5 Qb7 19. Bf3 Bxf3 20. Qxf3 Qxf3 21. gxf3 Rxh3 22. Kg2 Rh4 23. b3 Rb8 24. Rab1 f5 25. Rh1 g5 26. Rxh4 gxh4 27. b4 cxb4 28. axb4 Kd8 29. b5 Bc5 30. Rb2 axb5 31. cxb5 Kc7 32. Kh3 Rh8 33. Ba5+ Kb7 34. Rc2 Rc8 35. Rd2 Kb8 36. Rxd7 Bxf2 37. Rd8 Rxd8 38. Bxd8 Kb7 39. Bxh4 Bd4 40. Bg3 Kc7 41. Kh4 Kd7 42. Kg5 Be3+ 43. Kf6 Bb6 44. Kf7 Bd4 45. Bf4 Bc5 46. Bd2 Bd4 47. Kf6 Bb6 48. Bb4 Bd8+ 49. Kf7 Bb6 50. Bc3 Bf2 51. Kf6 Bh4+ 52. Kg6 Bf2 53. Kg5 Be3+ 54. f4 Bb6 55. Kh4 Be3 56. Kg3 Kc7 57. Kf3 Bc1 58. Bd4 Kb7 59. Bf2 Bd2 60. Bc5 Bc1 61. Bf2 Bd2 62. Bc5 Bc1 63. Bf2 1/2-1/2

[Event "Olympiad-40"]
[Site "Istanbul"]
[Date "2012.09.04"]
[Round "7.3"]
[White "Bae, Junggi"]
[Black "Kayonde, Andrew"]
[Result "0-1"]
[WhiteElo "1730"]
[BlackElo "2180"]
[PlyCount "68"]
[EventDate "2012.08.28"]
[EventType "team-swiss"]
[EventRounds "11"]
[EventCountry "TUR"]
[SourceTitle "CBM 151"]
[Source "ChessBase"]
[SourceDate "2012.11.13"]
[SourceVersion "1"]
[SourceVersionDate "2012.11.13"]
[SourceQuality "1"]
[WhiteTeam "South Korea"]
[BlackTeam "Zambia"]
[WhiteTeamCountry "KOR"]
[BlackTeamCountry "ZAM"]

1. d4 d5 2. c4 c6 3. Nf3 Nf6 4. e3 e6 5. b3 Bb4+ 6. Bd2 Be7 7. Be2 0-0 8. Ne5 dxc4 9. bxc4 c5 10. dxc5 Ne4 11. 0-0 Bf6 12. f4 Nc6 13. Qc2 Nxe5 14. fxe5 Bxe5 15. Qxe4 Bxa1 16. Rd1 f5 17. Qf3 Qc7 18. Bb4 a5 19. Ba3 Bd7 20. Nd2 Be5 21. h3 Bc6 22. Qf1 Rad8 23. Bc1 Ba4 24. Nb3 Bxb3 25. axb3 Qxc5 26. Kh1 Qb4 27. Rxd8 Rxd8 28. Bd1 Qc3 29. Ba3 Qa1 30. Be2 Qxa3 31. Qf3 Qxb3 32. g3 a4 33. e4 fxe4 34. Qxe4 Qxg3 0-1